000 00886nas a2200301 4500
001 BR9803518
003 BR-BrBNA
005 20231205100826.0
007 ta
008 230509b bl.|||p| |||| 00| 00por d
040 _aBR-BrBNA
_bpor
_cBiblioteca Nacional de Agricultura
041 _a(Pt)
072 _aL51
100 1 _aPrado, I.N. do
100 1 _aBranco, A.F.
100 1 _aPinto, A.A.
100 1 _aZeoula, L.M.
100 1 _aEverling, D.M.
245 1 _aInfluencia da monensina sodica ou bicarbonato de sodio sobre o consumo e desempenho de novilhas confinadas
650 _aNovilho
650 _aAnti-Helmintico
650 _aDieta
650 _aPerformance
650 _aNutricao Animal
773 0 _tRevista Unimar (Brazil)
_xISSN 0100-9354
_g(Aug 1995), v. 17(2) p. 329-340
_wBR9803518
909 _a202311
_bLúcia
_c55
_dLúcia Elande
942 _2AGRIS
_n0
_cANA
999 _c158302
_d158302